000 00422nam a2200157Ia 4500
008 210716s2009 xx 000 0 und d
020 _a9788173716137
041 _aeng
082 _a519.2 ATHS
100 _aAthreya, S R; Sunder, V S.
245 _aMeasure and probability.
250 _a1
260 _aNew Delhi
_bUniversities Press
_c2009
300 _ax,221
650 _aProbabilities and applied mathematics(519)
999 _c193344
_d193344